000 00649nam a2200241Ia 4500
003 OSt
005 20220928122229.0
006 a|||||r|||| 00| 0
007 ta
008 220927b |||||||| |||| 00| 0 eng d
024 _a41765
037 _cTextual
040 _aSDCL
_cSDCL
_beng
041 _2eng
_aeng
082 _aS4, L5
100 _aReber Ralph W
_9456715
245 0 _aBehavioral insight for supervision.
260 _aNew Jersey
_bPrentice-Hall
_c1975
300 _axiv,265p.
_ccm.
700 _a Terry Gloria E
_9456716
942 _hS4, L5
_cTEXL
_2CC
999 _c770289
_d770289